000 00305nam a22001457a 4500
008 230912b ||||| |||| 00| 0 eng d
020 _a0262021471
041 _aeng
080 _a521
082 _a521
100 _a19
101 _aASTRO
245 _aA WORLD ON PAPER
_cBELLONE .E
942 _2udc
_cBK
999 _c60334
_d60334